FRIDAY NIGHT DINNER QUIZ - Statistics

General Stats
  • This quiz has been taken 1,821 times
  • The average score is 7 of 15
Answer Stats
Hint Answer % Correct
What company does Val's neice Tanya work for Coca Cola
73%
What song did Jim sing at Christmas Silent Night
69%
Martins and Jackies pet name for making love Nippy Nippy
66%
What did uncle Larry throw over johnnys company car Curry
65%
What is it all about Punk Rock
59%
Mr. Morris’ Full name Lou Anthony Morris
53%
The full name of Martins Non-Friend Friend Tony Michaels
48%
What Martin try for the first time during his diet Aubergine
43%
What meal did Martin drop on the floor Casserole
40%
Name of restaurant Martin take Jackie to after destroying the carpet Marios
40%
Jackies fathers name Sydney
33%
What food did The Goodmans neighbour really want Chicken
31%
Martins favourite collection New scientist magazine
23%
The name of Jim’s friends who are coming for Christmas Nigel and Nigelson
19%
What months did Jackie read in Adam diary August and September
6%
No matching quizzes found
Score Distribution
Percent of People with Each Score
Percentile by Number Answered
Your Score History
You have not taken this quiz